<?xml version="1.0" encoding="UTF-8"?>
<record
    xmlns:xsi="http://www.w3.org/2001/XMLSchema-instance"
    xsi:schemaLocation="http://www.loc.gov/MARC21/slim http://www.loc.gov/standards/marcxml/schema/MARC21slim.xsd"
    xmlns="http://www.loc.gov/MARC21/slim">

  <leader>01522nam a2200325 a 4500</leader>
  <controlfield tag="001">000034370</controlfield>
  <controlfield tag="003">DO-SdBNP</controlfield>
  <controlfield tag="005">20180214083259.0</controlfield>
  <controlfield tag="007">000034370</controlfield>
  <controlfield tag="008">111004s2008    dr ac         001 0cspa d</controlfield>
  <datafield tag="040" ind1=" " ind2=" ">
    <subfield code="a">BPMET</subfield>
    <subfield code="b">spa</subfield>
    <subfield code="c">BPMET</subfield>
  </datafield>
  <datafield tag="092" ind1=" " ind2=" ">
    <subfield code="a">796.357092</subfield>
    <subfield code="b">M671v</subfield>
  </datafield>
  <datafield tag="100" ind1="1" ind2=" ">
    <subfield code="a">Mirabal, Franklin</subfield>
  </datafield>
  <datafield tag="245" ind1="1" ind2="4">
    <subfield code="a">Los 25 mejores /</subfield>
    <subfield code="c">Franklin Mirabal ; pr&#xF3;logo Cuqui C&#xF3;rdova.</subfield>
  </datafield>
  <datafield tag="246" ind1="1" ind2="4">
    <subfield code="a">Los veinticinco mejores</subfield>
  </datafield>
  <datafield tag="260" ind1=" " ind2=" ">
    <subfield code="a">Santo Domingo :</subfield>
    <subfield code="b">Corripio,</subfield>
    <subfield code="c">2008.</subfield>
  </datafield>
  <datafield tag="300" ind1=" " ind2=" ">
    <subfield code="a">103 p. :</subfield>
    <subfield code="b">il., retrs. ;</subfield>
    <subfield code="c">24 cm.</subfield>
  </datafield>
  <datafield tag="505" ind1="0" ind2=" ">
    <subfield code="g">Pr&#xF3;logo /</subfield>
    <subfield code="r">Cuqui C&#xF3;rdova --</subfield>
    <subfield code="t">Miguel Dilon&#xE9; --</subfield>
    <subfield code="t">Luis Polonia --</subfield>
    <subfield code="t">Manuel Mota --</subfield>
    <subfield code="t">Felipe Alou --</subfield>
    <subfield code="t">Ricardo Carty --</subfield>
    <subfield code="t">Guayub&#xED;n Olivo --</subfield>
    <subfield code="t">Juan Marichal --</subfield>
    <subfield code="t">Danilo Rivas --</subfield>
    <subfield code="t">Tony Pe&#xF1;a --</subfield>
    <subfield code="t">Mateo Alou --</subfield>
    <subfield code="t">Jes&#xFA;s Alou --</subfield>
    <subfield code="t">El Gallo Batista --</subfield>
    <subfield code="t">Chich&#xED; Olivo --</subfield>
    <subfield code="t">Pedro Gonz&#xE1;lez --</subfield>
    <subfield code="t">Mario Soto --</subfield>
    <subfield code="t">Joaqu&#xED;n And&#xFA;jar --</subfield>
    <subfield code="t">Silvano Quesada --</subfield>
    <subfield code="t">Arturo Pe&#xF1;a --</subfield>
    <subfield code="t">Stanley Javier --</subfield>
    <subfield code="t">C&#xE9;sar Ger&#xF3;nimo --</subfield>
    <subfield code="t">Rafael Landestoy --</subfield>
    <subfield code="t">Pedro Borb&#xF3;n --</subfield>
    <subfield code="t">Chilote Llenas --</subfield>
    <subfield code="t">F&#xE9;lix Jos&#xE9; --</subfield>
    <subfield code="t">Mendy L&#xF3;pez.</subfield>
  </datafield>
  <datafield tag="650" ind1=" " ind2="4">
    <subfield code="a">JUGADORES DE BEISBOL</subfield>
    <subfield code="x">BIOGRAF&#xCD;AS</subfield>
  </datafield>
  <datafield tag="650" ind1=" " ind2="4">
    <subfield code="a">BEISBOL</subfield>
    <subfield code="z">REP&#xDA;BLICA DOMINICANA</subfield>
  </datafield>
  <datafield tag="700" ind1="1" ind2=" ">
    <subfield code="a">C&#xF3;rdova, Cuqui,</subfield>
    <subfield code="e">pr&#xF3;l.</subfield>
  </datafield>
  <datafield tag="910" ind1=" " ind2=" ">
    <subfield code="a">Validado. Control de calidad EMS</subfield>
  </datafield>
  <datafield tag="930" ind1=" " ind2="1">
    <subfield code="l">BND01</subfield>
    <subfield code="m">LF1</subfield>
    <subfield code="8">20140714</subfield>
    <subfield code="f">04</subfield>
    <subfield code="p">HD</subfield>
    <subfield code="g">45562</subfield>
  </datafield>
  <datafield tag="942" ind1=" " ind2=" ">
    <subfield code="2">ddc</subfield>
    <subfield code="c">BK</subfield>
  </datafield>
  <datafield tag="945" ind1=" " ind2=" ">
    <subfield code="a">inventariado, 2018 / dg</subfield>
  </datafield>
  <datafield tag="952" ind1=" " ind2=" ">
    <subfield code="0">0</subfield>
    <subfield code="1">0</subfield>
    <subfield code="2">ddc</subfield>
    <subfield code="4">0</subfield>
    <subfield code="7">0</subfield>
    <subfield code="a">BPMET</subfield>
    <subfield code="b">BPMET</subfield>
    <subfield code="d">2015-05-11</subfield>
    <subfield code="l">0</subfield>
    <subfield code="p">BPMSU15051646</subfield>
    <subfield code="r">2015-05-11</subfield>
    <subfield code="w">2015-05-11</subfield>
    <subfield code="y">BK</subfield>
  </datafield>
  <datafield tag="956" ind1=" " ind2=" ">
    <subfield code="a">DGARCIA</subfield>
    <subfield code="b">10</subfield>
    <subfield code="c">20111004</subfield>
    <subfield code="l">BND01</subfield>
    <subfield code="h">0818</subfield>
  </datafield>
  <datafield tag="956" ind1=" " ind2=" ">
    <subfield code="a">VMATEO</subfield>
    <subfield code="b">10</subfield>
    <subfield code="c">20111006</subfield>
    <subfield code="l">BND01</subfield>
    <subfield code="h">1402</subfield>
  </datafield>
  <datafield tag="956" ind1=" " ind2=" ">
    <subfield code="a">EMARRERO</subfield>
    <subfield code="b">40</subfield>
    <subfield code="c">20120501</subfield>
    <subfield code="l">BND01</subfield>
    <subfield code="h">1956</subfield>
  </datafield>
  <datafield tag="956" ind1=" " ind2=" ">
    <subfield code="a">VMATEO</subfield>
    <subfield code="b">10</subfield>
    <subfield code="c">20150511</subfield>
    <subfield code="l">BMET02</subfield>
    <subfield code="h">00151</subfield>
  </datafield>
  <datafield tag="999" ind1=" " ind2=" ">
    <subfield code="c">7842</subfield>
    <subfield code="d">7842</subfield>
  </datafield>
</record>
